| 000 | 00675nam a2200229 a 4500 | ||
|---|---|---|---|
| 001 | BRL_1750 | ||
| 005 | 20190320211343.0 | ||
| 008 | 270715s1937----mx-#######---#000-0#spa-# | ||
| 041 | _aspa | ||
| 044 | _amx | ||
| 050 | 4 |
_aF1226 _b.R66 1937 |
|
| 100 | 1 |
_aRomero de Terreros, Manuel _cMarqueìs de San Francisco _d1880-1968 _927785 |
|
| 245 | 1 | 0 |
_aSiluetas de antaño _bmenudencias de nuestra historia _cManuel Romero de Terreros. |
| 260 |
_aMéxico _bEdiciones Botas _c1937 |
||
| 300 |
_a209 p. _c19 cm. |
||
| 500 | _aAu1986 | ||
| 500 | _aEjemplar intonso. | ||
| 504 | _aBibliografía: p. 207-209 | ||
| 651 | 4 |
_aMéxico _xHistoria _9614 |
|
| 902 | _aGRL | ||
| 942 |
_2lcc _cB |
||
| 999 |
_c10558 _d10558 |
||